Normal view
MARC view
Entry Topical Term
001 - CONTROL NUMBER
- control field: 14602
003 - CONTROL NUMBER IDENTIFIER
- control field: BD-RjUL
005 - DATE AND TIME OF LATEST TRANSACTION
- control field: 20241207114153.0
008 - FIXED-LENGTH DATA ELEMENTS
- fixed length control field: 241207|| aca||aabn | a|a d
040 ## - CATALOGING SOURCE
- Original cataloging agency: BD-RjUL
- Transcribing agency: BD-RjUL
150 ## - HEADING--TOPICAL TERM
- Topical term or geographic name entry element: Fiction
- General subdivision: Collections
670 ## - SOURCE DATA FOUND
- Source citation: Work cat.: (BD-RjUL)84471: Costain, Thomas B. (Thomas Bertram), 1885-1965, ed. 14601, 30 stories to remember., 1962.